005470000a2200133000450024501730000004400130017304100140018665100220020070000220022270000200024470000250026410000210028977301030031010aEstudio preliminar de algunos aspectos ambientales y ecológicos de las comunidades de peces y macro-invertebrados acuáticos en el río Tutunendo, Chocó, Colombia aColombia0 aEspañol 4pColombiadChocó1 aRoldán, Gabriel1 aAsprilla, Sonia1 aRivas, Tulia Sofía1 aTorres, Yenecith1 tRevista de la Academia Colombiana de ciencias exactas, físicas y naturalesh114q67-76d2006g30